Genshin Impact namecards (V.6.5) - Statistics

General Stats
  • This quiz has been taken 42 times
    14 since last reset
  • The average score is 101 of 112
Answer Stats
Picture Answer % Correct
Diluc
100%
Ifa
100%
Mavuika
100%
Nahida
100%
Aino
92%
Albedo
92%
Aloy
92%
Amber
92%
Arataki Itto
92%
Baizhu
92%
Bennett
92%
Candace
92%
Charlotte
92%
Chasca
92%
Chiori
92%
Chongyun
92%
Citlali
92%
Columbina
92%
Cyno
92%
Dahlia
92%
Dehya
92%
Diona
92%
Dori
92%
Durin
92%
Emilie
92%
Escoffier
92%
Eula
92%
Fischl
92%
Flins
92%
Freminet
92%
Furina
92%
Gaming
92%
Ganyu
92%
Gorou
92%
Hu Tao
92%
Iansan
92%
Jahoda
92%
Kaeya
92%
Kamisato Ayato
92%
Kaveh
92%
Kinich
92%
Kirara
92%
Klee
92%
Kujou Sara
92%
Kuki Shinobu
92%
Lauma
92%
Linnea
92%
Lisa
92%
Lynette
92%
Mona
92%
Mualani
92%
Navia
92%
Nefer
92%
Nilou
92%
Noelle
92%
Qiqi
92%
Rosaria
92%
Sayu
92%
Sigewinne
92%
Skirk
92%
Tighnari
92%
Varesa
92%
Venti
92%
Wriothesley
92%
Xiangling
92%
Xilonen
92%
Xingqiu
92%
Xinyan
92%
Yae Miko
92%
Yanfei
92%
Yelan
92%
Yumemizuki Mizuki
92%
Yun Jin
92%
Zibai
92%
Alhaitham
85%
Arlecchino
85%
Barbara
85%
Beidou
85%
Chevreuse
85%
Clorinde
85%
Collei
85%
Faruzan
85%
Illuga
85%
Ineffa
85%
Jean
85%
Kachina
85%
Kaedehara Kazuha
85%
Kamisato Ayaka
85%
Keqing
85%
Lan Yan
85%
Layla
85%
Lyney
85%
Mika
85%
Neuvillette
85%
Ningguang
85%
Ororon
85%
Raiden Shogun
85%
Razor
85%
Sangonomiya Kokomi
85%
Sethos
85%
Shenhe
85%
Shikanoin Heizou
85%
Sucrose
85%
Tartaglia
85%
Thoma
85%
Varka
85%
Xianyun
85%
Xiao
85%
Yaoyao
85%
Yoimiya
85%
Zhongli
85%
Wanderer
77%
No matching quizzes found
Score Distribution
Percent of People with Each Score
Percentile by Number Answered
Your Score History
You have not taken this quiz since the last reset